| 000 | 00792nam a2200277 i 4500 | ||
|---|---|---|---|
| 001 | bg | ||
| 100 | 1 | _aPohl, Alison. | |
| 245 | 1 | 0 |
_aTest your professional English - secretarial / _cAlison Pohl |
| 250 | _a4th impr. | ||
| 260 |
_aHarlow, England: _bPearson Education : _bPenguin Books, _c2007. |
||
| 300 |
_aVI, 105 s. : _brys. ; _c24 cm. |
||
| 490 | 1 | _aTest Your... | |
| 500 | _aPre-intermediate | ||
| 650 | 9 | _aJęzyk angielski | |
| 650 | 9 |
_aBiurowość _xsłownictwo |
|
| 655 | _aPodręczniki | ||
| 830 | _aTest Your... | ||
| 020 | _a978058451629 | ||
| 040 | _cBPK | ||
| 041 | 0 | _aeng | |
| 044 | _aGBR | ||
| 080 | _a811.111(075.8):651 | ||
| 942 | _cKS | ||
| 008 | s pl f |000 0 pol | ||
| 999 |
_c54394 _d54394 |
||
| 856 |
_uhttp://koha.tu.koszalin.pl/cgi-bin/koha/opac-detail.pl?biblionumber=54394 _yKatalog online BPK |
||